000 00627nam a2200157 a 4500
008 120912s2001 ||||||||||||||||| || u
020 _a0950638587
050 _aHD 9000.5 Car
100 _aCarter, Isabel
245 1 0 _aImproving food security: a pillars guide
_cby Isabel Carter
260 _aTeddington:
_bTearfund
_c2001
300 _a56p.: ill.
650 _aFOOD SUPPLY--AFRICA
650 _aAGRICULTURE--ECONOMIC ASPECTS--AFRICA
995 _aMEDICAL LIBRARY OPEN ACCESS
_e901822
_FCBU-SCHOOL OF MEDICINE LIBRARY (Ndola)
_jOTL HD 9000.5 Car (BOX 9)
_M1
_UAVAILABLE
_WOct 19, 2012
_y901822
_ZMedical Library Open Access Collection
999 _c31780
_d31780